Applied linear optimization
Guardado en:
| Autor principal: | |
|---|---|
| Otros Autores: | |
| Formato: | Libro |
| Lenguaje: | inglés |
| Publicado: |
Columbus
Grid
1978
|
| Etiquetas: |
Sin Etiquetas, Sea el primero en etiquetar este registro!
|
MARC
| LEADER | 00000nam a2200000 4500 | ||
|---|---|---|---|
| 001 | c131474 | ||
| 005 | 20041019155252.4 | ||
| 041 | 0 | |a eng | |
| 044 | |a US | ||
| 245 | 1 | 0 | |a Applied linear optimization |c Paul H. Randolph |
| 264 | 1 | |a Columbus |b Grid |c 1978 | |
| 300 | |a 293 s. | ||
| 100 | 1 | |a Randolph, Paul H. | |
| 700 | 1 | |a Meeks, Howard D. | |